| 000 | 00814nam a22002057a 4500 | ||
|---|---|---|---|
| 008 | 081217t xxu||||| |||| 00| 0 eng d | ||
| 010 | _aENG-92238 | ||
| 020 |
_c120.00 _a8178290269 |
||
| 035 | _aEN-75771 | ||
| 037 | _bDBAD / PUB | ||
| 040 |
_adpl _bEnglish |
||
| 082 | _a330.95431 | ||
| 100 | _aMariyappan, A. | ||
| 245 |
_aTamil Nadu economy: _cby A. Mariyappan _b(B.A. syllabus of the University of Madras) / |
||
| 260 |
_aMumbai _bSitech Publications (India) _c2008 |
||
| 300 |
_ax, 303p. _c20cm (pbk) |
||
| 651 |
_aTamil Nadu (India) _xEconomic conditions _vTextbooks. |
||
| 942 |
_2ddc _cEN _mMAR _h330.95431 |
||
| 999 |
_c20027 _d20027 |
||